00271nam a2200121Ia 4500100001900000250000600019654003000025245003000055260002800085082001500113300000900128546001200137 aMuller/ Scott  a8 aUpgrading & Repairing Pcs aUpgrading & Repairing PCs bP.H.I.aNew Delhic1998 a4.252bMUE a1168 aENGLISH